| 000 | 00702cam a22002533a 4500 | ||
|---|---|---|---|
| 001 | 32152 | ||
| 003 | PGUSA | ||
| 005 | 20140828083709.0 | ||
| 008 | 100427s2010||||xxu|||||s|||||000 1 eng d | ||
| 040 |
_aPGUSA _beng |
||
| 042 | _adc | ||
| 050 | 4 | _aPS | |
| 100 | 1 |
_aRowland, Helen, _d1876- |
|
| 245 | 1 | 4 |
_aThe Widow [To Say Nothing of the Man] _h[electronic resource] / _cHelen Rowland |
| 260 |
_bProject Gutenberg, _c2010 |
||
| 506 | _aPublic domain in the USA. | ||
| 516 | _aElectronic text | ||
| 653 | _aLove stories | ||
| 653 | _aCourtship -- Fiction | ||
| 653 | _aWidows -- Fiction | ||
| 830 | 0 |
_aProject Gutenberg _v32152 |
|
| 856 | 4 | 0 | _uhttp://www.gutenberg.org/ebooks/32152 |
| 942 | _cEB | ||
| 999 |
_c261407 _d261407 |
||